Vector mechanics for engineers : Statics

For the past fifty years Beer and Johnston have been the uncontested leaders in the teaching of undergraduate engineering mechanics. Over the years their textbooks have introduced significant theoretical and pedagogical innovations in statics, dynamics, and mechanics of materials education. At the s...

Descripción completa

Guardado en:
Detalles Bibliográficos
Autor principal: Beer, Ferdinand Pierre
Formato: Libro
Lenguaje:Undetermined
Publicado: Boston McGraw-Hill Higher Education 2007
Materias:
Etiquetas: Agregar Etiqueta
Sin Etiquetas, Sea el primero en etiquetar este registro!
Thư viện lưu trữ: Trung tâm Học liệu Trường Đại học Cần Thơ
LEADER 01520nam a2200205Ia 4500
001 CTU_150053
008 210402s9999 xx 000 0 und d
082 |a 620.105 
082 |b B415 
100 |a Beer, Ferdinand Pierre 
245 0 |a Vector mechanics for engineers : 
245 0 |b Statics 
245 0 |c Ferdinand P. Beer, E. Russell Johnston, Jr., Elliot R. Eisenberg ; with the collaboration of David F. Mazurek. 
260 |a Boston 
260 |b McGraw-Hill Higher Education 
260 |c 2007 
520 |a For the past fifty years Beer and Johnston have been the uncontested leaders in the teaching of undergraduate engineering mechanics. Over the years their textbooks have introduced significant theoretical and pedagogical innovations in statics, dynamics, and mechanics of materials education. At the same time, their careful presentation of content, unmatched levels of accuracy, and attention to detail have made their texts the standard for excellence. The new Eighth Edition of Vector Mechanics for Engineers: Statics and Dynamics marks the fiftieth anniversary of the Beer/Johnston series. Continuing in the spirit of its successful previous editions, the Eighth Edition provides conceptually accurate and thorough coverage together with a significant addition of new problems, including biomechanics problems, and the most extensive media resources available. 
650 |a Statics,Vector analysis,Mechanics, Applied. 
904 |i Năm 
980 |a Trung tâm Học liệu Trường Đại học Cần Thơ